00318cam a22001097a 4500008004000000082001300040100002100053245006900074260002400143300001000167650003100177180718b1941 xxu||||| |||| 00| 0 eng d aA38 R911 aRussell, Bertran aLet the people think: a selection of essayscby Bertrand Russell aLondonbWattsc1941 a116p. aPeople think- Great Bitain